[Event "Zonal 2.4 2011 - Women"]
[Site "Araruama/RJ "]
[Date "2011.06.18"]
[Round "1"]
[Board "1"]
[White "Reis, Virginia Lagrange M"]
[Black "Heinrichs, Vivian"]
[Result "0-1"]
[WhiteElo "1840"]
[BlackElo "1918"]
[PlyCount "69"]
[EventDate "2011.06.18"]
[EventRounds "14"]
[EventCountry "BRA"]

1.e4 c5 2.Nf3 e6 3.c4 Nc6 4.Be2 Nd4 5.Nc3 Ne7 6.O-O Nec6 7.d3 Be7 8.Be3 a6 9.a3
O-O 10.Nd2 b5 11.f4 b4 12.axb4 Nxb4 13.Bxd4 cxd4 14.Nb5 Bb7 15.Na3 d5 16.cxd5
exd5 17.e5 f6 18.Nf3 fxe5 19.Nxe5 Bd6 20.Nc2 Qe7 21.Nxb4 Bxb4 22.g3 Bd6 23.Bf3
g5 24.Re1 Qg7 25.Kf2 Rae8 26.Ng4 Rxe1 27.Qxe1 Qg6 28.Ne5 Qe6 29.Bg4 Qe7 30.Kg2
gxf4 31.gxf4 Qg7 32.Qg3 Kh8 33.Re1 Qh6 34.Rf1 Qg7 35.Be6 0-1

[Event "Zonal 2.4 2011 - Women"]
[Site "Araruama/RJ "]
[Date "2011.06.18"]
[Round "1"]
[Board "1"]
[White "Feliciano, Vanessa"]
[Black "Chang, Suzana"]
[Result "1/2-1/2"]
[WhiteElo "2138"]
[BlackElo "2014"]
[PlyCount "85"]
[EventDate "2011.06.18"]
[EventRounds "14"]
[EventCountry "BRA"]

1.e4 c5 2.Nf3 e6 3.d3 Nc6 4.g3 d5 5.Nbd2 Bd6 6.Bg2 Nge7 7.O-O O-O 8.Nh4 Bc7 9.f4
f5 10.exd5 exd5 11.Ndf3 Qe8 12.Bd2 h6 13.Qe2 Qf7 14.Rae1 Bd7 15.c3 Rae8 16.Qf2
Nc8 17.Kh1 b6 18.Rxe8 Rxe8 19.Re1 Rxe1+ 20.Qxe1 N8e7 21.d4 Qe6 22.Qf2 c4 23.Ne5
Be8 24.Bf3 Nd8 25.Ng2 Nf7 26.Nxf7 Bxf7 27.Ne3 Kf8 28.Qg2 Bd6 29.Kg1 Bc7 30.Qh3
Bd6 31.Kf1 b5 32.Qh4 Ke8 33.Qh3 Kf8 34.Qg2 Bc7 35.Bc1 Bd6 36.Qc2 Qd7 37.Ng2 Ng8
38.Nh4 g6 39.Qg2 Be7 40.Qh3 Bxh4 41.Qxh4 Qe7 42.Qh3 Kg7 43.Qg2 1/2-1/2

[Event "Zonal 2.4 2011 - Women"]
[Site "Araruama/RJ "]
[Date "2011.06.18"]
[Round "1"]
[Board "1"]
[White "Delai Paula, Fernanda"]
[Black "Terao, Juliana Sayumi"]
[Result "0-1"]
[WhiteElo "2030"]
[BlackElo "2169"]
[PlyCount "66"]
[EventDate "2011.06.18"]
[EventRounds "14"]
[EventCountry "BRA"]

1.e4 c5 2.Nf3 e6 3.d4 cxd4 4.Nxd4 a6 5.Bd3 Bc5 6.Nb3 Be7 7.Qg4 g6 8.Qe2 d6 9.Na3
Nc6 10.O-O Qc7 11.Be3 Bf6 12.Nc4 Nge7 13.Bf4 e5 14.Be3 Be6 15.a4 O-O 16.a5 Nd4
17.Nxd4 exd4 18.Bf4 Bxc4 19.Bxc4 Nc6 20.Bh6 Rfe8 21.Qf3 Bg7 22.Bxg7 Kxg7 23.Bd5
Re7 24.Qa3 Rf8 25.Qa4 f6 26.Bxc6 Qxc6 27.Qxc6 bxc6 28.f3 f5 29.Rad1 fxe4 30.Rxd4
exf3 31.Rxd6 f2+ 32.Kh1 Re1 33.Rd1 Rxd1 0-1

[Event "Zonal 2.4 2011 - Women"]
[Site "Araruama/RJ "]
[Date "2011.06.19"]
[Round "2"]
[Board "1"]
[White "Chang, Suzana"]
[Black "Delai Paula, Fernanda"]
[Result "1/2-1/2"]
[WhiteElo "2014"]
[BlackElo "2030"]
[PlyCount "75"]
[EventDate "2011.06.18"]
[EventRounds "14"]
[EventCountry "BRA"]

1.d4 Nf6 2.c4 g6 3.Nc3 Bg7 4.e4 d6 5.Be2 O-O 6.Nf3 e5 7.O-O exd4 8.Nxd4 Re8 9.f3
c6 10.Nc2 Na6 11.Be3 d5 12.cxd5 cxd5 13.Bd4 dxe4 14.fxe4 Nxe4 15.Bxg7 Qxd1
16.Raxd1 Kxg7 17.Nxe4 Rxe4 18.Bf3 Re7 19.Rd8 Rb8 20.Nd4 Be6 21.Nxe6+ fxe6 22.Rd6
Rbe8 23.Bxb7 Rxb7 24.Rxa6 Ree7 25.b3 Rbc7 26.Re1 Kf6 27.Re2 Kf5 28.Kf2 Rc3 29.b4
Rc4 30.a3 Rc3 31.Re3 Rc2+ 32.Kf3 Rb2 33.Ra5+ Kf6 34.h4 h5 35.b5 e5 36.a4 Rd7
37.b6 axb6 38.Raxe5 1/2-1/2

[Event "Zonal 2.4 2011 - Women"]
[Site "Araruama/RJ "]
[Date "2011.06.19"]
[Round "2"]
[Board "1"]
[White "Heinrichs, Vivian"]
[Black "Feliciano, Vanessa"]
[Result "1/2-1/2"]
[WhiteElo "1918"]
[BlackElo "2138"]
[PlyCount "89"]
[EventDate "2011.06.18"]
[EventRounds "14"]
[EventCountry "BRA"]

1.e4 d6 2.d4 Nf6 3.Nc3 g6 4.Bg5 Bg7 5.e5 dxe5 6.dxe5 Ng4 7.Qxd8+ Kxd8 8.h3 Nxe5
9.O-O-O+ Bd7 10.Be3 Kc8 11.f4 Nec6 12.Ne4 Bf5 13.Ng3 Be6 14.a3 Nd7 15.Nf3 h6
16.Ne4 f5 17.Nc5 Nxc5 18.Bxc5 Bf7 19.Bb5 Re8 20.Rhe1 Bf6 21.Ne5 Bxe5 22.fxe5 Be6
23.Re3 f4 24.Red3 Bf5 25.Bxc6 bxc6 26.Rd4 g5 27.Ra4 a6 28.Rad4 Be6 29.h4 Bd5
30.hxg5 hxg5 31.R4d2 Kb7 32.Rh1 Rh8 33.Rxh8 Rxh8 34.c4 Rh1+ 35.Kc2 Be4+ 36.Kb3
e6 37.Rd7 Kc8 38.Rg7 Bxg2 39.Rxg5 Be4 40.Rg8+ Kb7 41.Rg4 Rf1 42.Rg7 Kc8 43.Rg8+
Kb7 44.Rg7 Kc8 45.Rg8+ 1/2-1/2

[Event "Zonal 2.4 2011 - Women"]
[Site "Araruama/RJ "]
[Date "2011.06.19"]
[Round "2"]
[Board "1"]
[White "Aliaga Fernandez, Ingrid Y"]
[Black "Reis, Virginia Lagrange M"]
[Result "1-0"]
[WhiteElo "2157"]
[BlackElo "1840"]
[PlyCount "65"]
[EventDate "2011.06.18"]
[EventRounds "14"]
[EventCountry "BRA"]

1.e4 e5 2.Nf3 Nc6 3.d4 exd4 4.Bc4 Nf6 5.e5 d5 6.Bb5 Ne4 7.Nxd4 Bd7 8.Bxc6 bxc6
9.O-O Bc5 10.c3 O-O 11.f3 Ng5 12.Kh1 Rb8 13.Nd2 Ne6 14.N2b3 Bb6 15.Be3 f6
16.exf6 Qxf6 17.Qd2 Rbe8 18.Rae1 Kh8 19.a4 a5 20.Qf2 Nxd4 21.Bxd4 Bxd4 22.cxd4
Rb8 23.Nc5 Bf5 24.Re5 g6 25.Rfe1 Kg7 26.b3 Rf7 27.Qe3 Rb4 28.Kg1 h6 29.Re2 Qg5
30.Qxg5 hxg5 31.g4 Bc8 32.Re8 Bxg4 33.fxg4 1-0

[Event "Zonal 2.4 2011 - Women"]
[Site "Araruama/RJ "]
[Date "2011.06.19"]
[Round "3"]
[Board "1"]
[White "Feliciano, Vanessa"]
[Black "Aliaga Fernandez, Ingrid Y"]
[Result "1/2-1/2"]
[WhiteElo "2138"]
[BlackElo "2157"]
[PlyCount "67"]
[EventDate "2011.06.18"]
[EventRounds "14"]
[EventCountry "BRA"]

1.e4 c5 2.Nf3 e6 3.c4 d6 4.Nc3 Nf6 5.Be2 a6 6.O-O Be7 7.d4 cxd4 8.Nxd4 O-O 9.Be3
Qc7 10.Rc1 b6 11.f3 Bb7 12.b4 Nbd7 13.Nb3 Rfc8 14.Qd4 Rab8 15.Rfd1 Rd8 16.a4 Ba8
17.Qd2 Ne5 18.Qa2 Rdc8 19.c5 dxc5 20.Bxa6 Rd8 21.Nb5 Rxd1+ 22.Rxd1 Qc6 23.Bf4
Nfd7 24.Qe2 cxb4 25.Rc1 Bc5+ 26.Kh1 Bb7 27.Bxb7 Qxb7 28.Nxc5 bxc5 29.Bxe5 Nxe5
30.Rxc5 f6 31.Qc2 Qd7 32.Qb3 Rd8 33.Rc1 h6 34.h3 1/2-1/2

[Event "Zonal 2.4 2011 - Women"]
[Site "Araruama/RJ "]
[Date "2011.06.19"]
[Round "3"]
[Board "1"]
[White "Delai Paula, Fernanda"]
[Black "Heinrichs, Vivian"]
[Result "0-1"]
[WhiteElo "2030"]
[BlackElo "1918"]
[PlyCount "84"]
[EventDate "2011.06.18"]
[EventRounds "14"]
[EventCountry "BRA"]

1.e4 c5 2.Nf3 e6 3.c3 Nf6 4.Qe2 b6 5.d3 d6 6.g3 Bb7 7.Nbd2 Be7 8.Bg2 Nbd7 9.O-O
O-O 10.a3 Rc8 11.Ne1 Qc7 12.f4 e5 13.Nc4 b5 14.Ne3 c4 15.Nd5 Nxd5 16.exd5 Nb6
17.f5 Bxd5 18.Qg4 Bf6 19.Bh6 Kh8 20.Bg5 Bxg2 21.Bxf6 gxf6 22.Kxg2 Nd5 23.Rf3 Rg8
24.Qh4 Qe7 25.Kf2 cxd3 26.Rxd3 Rc4 27.Qh6 Nb6 28.Rad1 d5 29.Ng2 e4 30.Re3 Rg5
31.Nf4 Rxf5 32.g4 Rg5 33.Rh3 Rg7 34.Nxd5 Nxd5 35.Rxd5 Rc5 36.Rd4 Rcg5 37.Rh5
Rxg4 38.Rxb5 Qc7 39.Rbd5 Rg2+ 40.Ke1 Rg1+ 41.Kf2 R7g2+ 42.Ke3 Re1# 0-1

[Event "Zonal 2.4 2011 - Women"]
[Site "Araruama/RJ "]
[Date "2011.06.19"]
[Round "3"]
[Board "1"]
[White "Terao, Juliana Sayumi"]
[Black "Chang, Suzana"]
[Result "1/2-1/2"]
[WhiteElo "2169"]
[BlackElo "2014"]
[PlyCount "52"]
[EventDate "2011.06.18"]
[EventRounds "14"]
[EventCountry "BRA"]

1.e4 c5 2.c3 d5 3.exd5 Qxd5 4.d4 g6 5.Nf3 Bg7 6.Be2 cxd4 7.cxd4 Nf6 8.O-O O-O
9.Nc3 Qa5 10.Qb3 Nbd7 11.Bd2 Qd8 12.Rfd1 Nb6 13.Bg5 Be6 14.Qa3 Nbd5 15.Ne5 a6
16.Bf3 h6 17.Bh4 g5 18.Bg3 Rc8 19.Rac1 Re8 20.h3 Qb6 21.h4 a5 22.hxg5 hxg5
23.Nxd5 Nxd5 24.Rc5 Nf6 25.Rxa5 g4 26.Be2 Rc2 1/2-1/2

[Event "Zonal 2.4 2011 - Women"]
[Site "Araruama/RJ "]
[Date "2011.06.20"]
[Round "4"]
[Board "1"]
[White "Heinrichs, Vivian"]
[Black "Terao, Juliana Sayumi"]
[Result "0-1"]
[WhiteElo "1918"]
[BlackElo "2169"]
[PlyCount "108"]
[EventDate "2011.06.18"]
[EventRounds "14"]
[EventCountry "BRA"]

1.e4 c5 2.Nc3 e6 3.f4 a6 4.Nf3 Nc6 5.d3 g6 6.d4 cxd4 7.Nxd4 d6 8.Be3 Bg7 9.Be2
Nge7 10.O-O O-O 11.Qd2 d5 12.exd5 exd5 13.Nxc6 bxc6 14.Bd4 Bxd4+ 15.Qxd4 Nf5
16.Qc5 d4 17.Rad1 Bd7 18.Ne4 Re8 19.Rxd4 Nxd4 20.Qxd4 Bf5 21.Nf6+ Kh8 22.Qxd8
Rexd8 23.g4 Bxc2 24.Rf3 Kg7 25.g5 h5 26.Re3 Rd4 27.b3 Rxf4 28.Bc4 h4 29.Re7 Rf8
30.Ne8+ Rxe8 31.Rxe8 Rg4+ 32.Kf2 Rxg5 33.Re7 Rf5+ 34.Ke3 g5 35.Kd2 Rf2+ 36.Ke3
Rf6 37.Re5 Kh6 38.h3 Bf5 39.Bf1 Kg6 40.Ra5 g4 41.hxg4 Bxg4 42.Bg2 h3 43.Be4+ Bf5
44.Bf3 h2 45.Rxa6 Bd7 46.Bg2 Kg5 47.Ra8 Kh4 48.Rg8 Bg4 49.Rh8+ Kg3 50.Be4 Re6
51.Kd4 f5 52.Bh1 f4 53.Be4 Rxe4+ 54.Kxe4 h1=Q+ 0-1

[Event "Zonal 2.4 2011 - Women"]
[Site "Araruama/RJ "]
[Date "2011.06.20"]
[Round "4"]
[Board "1"]
[White "Aliaga Fernandez, Ingrid Y"]
[Black "Delai Paula, Fernanda"]
[Result "1-0"]
[WhiteElo "2157"]
[BlackElo "2030"]
[PlyCount "59"]
[EventDate "2011.06.18"]
[EventRounds "14"]
[EventCountry "BRA"]

1.e4 c5 2.Nf3 Nc6 3.c4 e5 4.Nc3 Nf6 5.d3 Be7 6.Be2 d6 7.Rb1 O-O 8.O-O Ne8 9.a3
a5 10.Nd5 f5 11.Bd2 Nf6 12.Nxf6+ Rxf6 13.b4 axb4 14.axb4 b6 15.b5 Nd4 16.Nxd4
exd4 17.Bf3 Ra3 18.Bc1 Ra7 19.exf5 Bxf5 20.Qe2 Kh8 21.Bd5 Qe8 22.Bg5 Rg6 23.Ra1
Bxd3 24.Qxd3 Rxa1 25.Rxa1 Bxg5 26.Bf7 Qd7 27.Bxg6 hxg6 28.Qxg6 Bf6 29.Ra8+ Bd8
30.Qg5 1-0

[Event "Zonal 2.4 2011 - Women"]
[Site "Araruama/RJ "]
[Date "2011.06.20"]
[Round "4"]
[Board "1"]
[White "Reis, Virginia Lagrange M"]
[Black "Feliciano, Vanessa"]
[Result "1/2-1/2"]
[WhiteElo "1840"]
[BlackElo "2138"]
[PlyCount "86"]
[EventDate "2011.06.18"]
[EventRounds "14"]
[EventCountry "BRA"]

1.e4 c5 2.Nf3 Nc6 3.Bb5 g6 4.c3 Bg7 5.O-O e5 6.d3 Nge7 7.Be3 Qb6 8.Na3 O-O 9.b4
d6 10.Rb1 Bg4 11.bxc5 dxc5 12.Nc4 Qc7 13.Bxc5 Rfd8 14.h3 Bxf3 15.Qxf3 b6 16.Ba3
Rac8 17.Ba6 Ra8 18.Qg3 Rd7 19.Bb5 Rad8 20.Bxe7 Rxe7 21.Ne3 Qd6 22.Nd5 Rb7 23.Ba6
Rbb8 24.Bb5 Ne7 25.Bc4 Nxd5 26.Bxd5 Rbc8 27.Qf3 Qe7 28.Bc4 Qf6 29.Qxf6 Bxf6
30.f4 Rc7 31.f5 Bg5 32.fxg6 hxg6 33.Rf3 Kg7 34.Rbf1 Rdd7 35.Bb3 Bd2 36.c4 Bb4
37.Kf2 Bc5+ 38.Ke2 Rd6 39.g4 Rd8 40.Ba4 Rh8 41.Bb3 Re7 42.Ba4 Rc7 43.Bb3 Re7 1/2-1/2

[Event "Zonal 2.4 2011 - Women"]
[Site "Araruama/RJ "]
[Date "2011.06.20"]
[Round "5"]
[Board "1"]
[White "Delai Paula, Fernanda"]
[Black "Reis, Virginia Lagrange M"]
[Result "1-0"]
[WhiteElo "2030"]
[BlackElo "1840"]
[PlyCount "131"]
[EventDate "2011.06.18"]
[EventRounds "14"]
[EventCountry "BRA"]

1.e4 e5 2.Nf3 Nc6 3.Bc4 Nf6 4.d3 Be7 5.O-O d6 6.c3 O-O 7.Re1 a6 8.Bb3 Bg4 9.Nbd2
Kh8 10.Nf1 Ng8 11.h3 Be6 12.Bc2 f5 13.exf5 Bxf5 14.Ne3 Bg6 15.Nd5 Bf7 16.Nxe7
Ngxe7 17.d4 exd4 18.Nxd4 Qd7 19.Bg5 Rae8 20.Qd2 Nxd4 21.Qxd4 Nc6 22.Qh4 Bg8
23.Re3 Rxe3 24.Bxe3 Qe7 25.Qxe7 Nxe7 26.Re1 Nc6 27.b3 h6 28.Bc1 Bh7 29.Bd1 Kg8
30.Bh5 Ne5 31.Be3 Bg6 32.Be2 Bd3 33.Bd1 Bg6 34.Bd4 Re8 35.Kh1 Kf8 36.f4 Nd3
37.Rxe8+ Bxe8 38.Be3 Bc6 39.Kg1 Ne1 40.g3 Kf7 41.b4 Bd5 42.Kf1 Nd3 43.Bb3 c6
44.Bxd5+ cxd5 45.Ke2 Nb2 46.Bc1 Nc4 47.g4 Ke6 48.Kd3 g6 49.f5+ gxf5 50.gxf5+
Kxf5 51.Bxh6 Nb2+ 52.Kd4 Nd1 53.Bf8 Nf2 54.h4 Ne4 55.Be7 Ke6 56.Bd8 Ng3 57.Bg5
Nh5 58.a4 Ng3 59.a5 Nh5 60.Ke3 Ng3 61.Kd4 Nh5 62.c4 dxc4 63.Kxc4 d5+ 64.Kc5 Ke5
65.Kb6 d4 66.Bd2 1-0

[Event "Zonal 2.4 2011 - Women"]
[Site "Araruama/RJ "]
[Date "2011.06.20"]
[Round "5"]
[Board "1"]
[White "Terao, Juliana Sayumi"]
[Black "Aliaga Fernandez, Ingrid Y"]
[Result "1/2-1/2"]
[WhiteElo "2169"]
[BlackElo "2157"]
[PlyCount "52"]
[EventDate "2011.06.18"]
[EventRounds "14"]
[EventCountry "BRA"]

1.e4 c5 2.Nf3 d6 3.d4 cxd4 4.Nxd4 Nf6 5.Nc3 a6 6.Be2 e6 7.O-O Be7 8.f4 Qc7 9.Be3
Nc6 10.Qe1 Nxd4 11.Bxd4 b5 12.a3 Bb7 13.Bd3 O-O 14.Kh1 Bc6 15.e5 dxe5 16.Bxe5
Qb7 17.Qg3 Nh5 18.Qh3 f5 19.Be2 Nf6 20.Rad1 a5 21.Bf3 b4 22.Ne2 bxa3 23.bxa3
Bxf3 24.Qxf3 Qxf3 25.Rxf3 Rfd8 26.Rfd3 Rxd3 1/2-1/2

[Event "Zonal 2.4 2011 - Women"]
[Site "Araruama/RJ "]
[Date "2011.06.20"]
[Round "5"]
[Board "1"]
[White "Chang, Suzana"]
[Black "Heinrichs, Vivian"]
[Result "1-0"]
[WhiteElo "2014"]
[BlackElo "1918"]
[PlyCount "109"]
[EventDate "2011.06.18"]
[EventRounds "14"]
[EventCountry "BRA"]

1.c4 c5 2.Nc3 Nc6 3.g3 e5 4.Bg2 g6 5.d3 Bg7 6.Rb1 Nge7 7.a3 a5 8.e3 d6 9.Nge2
Be6 10.Nd5 Rb8 11.Nec3 O-O 12.O-O b6 13.Bd2 Qd7 14.Qa4 Bh3 15.Nxe7+ Nxe7 16.Qxd7
Bxd7 17.b4 axb4 18.axb4 Bc6 19.e4 Bd7 20.b5 Ra8 21.Ra1 Rfb8 22.h4 Be6 23.Kh2 Nc8
24.Rfb1 Kf8 25.Bf3 Kg8 26.Kg2 Ne7 27.Be2 Kf8 28.Bg5 Nc8 29.Kf1 Kg8 30.Ke1 h6
31.Bd2 Kh7 32.h5 g5 33.Nd1 Kg8 34.Ne3 Ne7 35.Bg4 Bxg4 36.Nxg4 f5 37.Ne3 f4
38.Nd1 Kf7 39.g4 Ke8 40.Nc3 Kd7 41.Ke2 Kc8 42.Na4 Kb7 43.Nc3 Rxa1 44.Rxa1 Ra8
45.Rxa8 Kxa8 46.Nd5 Nxd5 47.exd5 Kb7 48.Kf3 Kc7 49.Ke4 Kd7 50.Kf5 Ke7 51.Kg6 Kf8
52.Ba5 f3 53.Bxb6 e4 54.dxe4 Bd4 55.Ba5 1-0

[Event "Zonal 2.4 2011 - Women"]
[Site "Araruama/RJ "]
[Date "2011.06.21"]
[Round "6"]
[Board "1"]
[White "Aliaga Fernandez, Ingrid Y"]
[Black "Chang, Suzana"]
[Result "1/2-1/2"]
[WhiteElo "2157"]
[BlackElo "2014"]
[PlyCount "60"]
[EventDate "2011.06.18"]
[EventRounds "14"]
[EventCountry "BRA"]

1.e4 c5 2.Nf3 e6 3.Nc3 a6 4.a4 Qc7 5.Be2 Nc6 6.O-O Nf6 7.d4 cxd4 8.Nxd4 Bb4
9.Bg5 Qe5 10.Nf3 Qc7 11.Qd3 Be7 12.Rad1 O-O 13.Rfe1 Rd8 14.Qc4 d6 15.b4 Qb6
16.b5 Ne5 17.Nxe5 dxe5 18.Be3 Qa5 19.bxa6 Rxa6 20.Rxd8+ Qxd8 21.Qb3 Ra8 22.Bb6
Qf8 23.Nb5 Bd7 24.Bd3 Bc6 25.Na7 Be8 26.a5 Bc5 27.Nb5 Rc8 28.Na7 Ra8 29.Nb5 Rc8
30.Na7 Ra8 1/2-1/2

[Event "Zonal 2.4 2011 - Women"]
[Site "Araruama/RJ "]
[Date "2011.06.21"]
[Round "6"]
[Board "1"]
[White "Reis, Virginia Lagrange M"]
[Black "Terao, Juliana Sayumi"]
[Result "0-1"]
[WhiteElo "1840"]
[BlackElo "2169"]
[PlyCount "30"]
[EventDate "2011.06.18"]
[EventRounds "14"]
[EventCountry "BRA"]

1.e4 e5 2.Nf3 Nc6 3.Bb5 f5 4.Bxc6 dxc6 5.d4 fxe4 6.Nxe5 Nf6 7.Bg5 Bd6 8.Nc3 O-O
9.Nxe4 Bxe5 10.c3 Bd6 11.Nxf6+ gxf6 12.Bh6 Re8+ 13.Kf1 Be6 14.f4 Qe7 15.Qd2 Bc4+
0-1

[Event "Zonal 2.4 2011 - Women"]
[Site "Araruama/RJ "]
[Date "2011.06.21"]
[Round "6"]
[Board "1"]
[White "Feliciano, Vanessa"]
[Black "Delai Paula, Fernanda"]
[Result "1-0"]
[WhiteElo "2138"]
[BlackElo "2030"]
[PlyCount "99"]
[EventDate "2011.06.18"]
[EventRounds "14"]
[EventCountry "BRA"]

1.e4 c5 2.d4 cxd4 3.c3 g6 4.cxd4 d5 5.e5 Nc6 6.Nc3 Nh6 7.Bf4 Bg7 8.Bb5 e6 9.Nge2
Bd7 10.Ng3 Qb6 11.Qd2 Ng8 12.Rd1 Nge7 13.O-O h5 14.h4 Rc8 15.Be2 Na5 16.b3 a6
17.Bg5 Bb5 18.Nxb5 axb5 19.Bxe7 Kxe7 20.Qb4+ Ke8 21.Bxb5+ Nc6 22.Rc1 Bf8
23.Bxc6+ Rxc6 24.Qxb6 Rxb6 25.Rc8+ Ke7 26.Rfc1 Rc6 27.R1xc6 bxc6 28.Ra8 Bg7
29.Ra7+ Ke8 30.Rc7 Rf8 31.Ne2 Kd8 32.Rxc6 Kd7 33.Rc2 f6 34.exf6 Bxf6 35.g3 e5
36.dxe5 Bxe5 37.Kg2 Kd6 38.f4 Bf6 39.Kf3 Re8 40.Nc3 Ra8 41.Nb5+ Kd7 42.Rc7+ Ke6
43.Rc6+ Ke7 44.a4 Rd8 45.Ke3 Rd7 46.a5 Rb7 47.Rc7+ Rxc7 48.Nxc7 d4+ 49.Ke4 Kd7
50.Nd5 1-0

[Event "Zonal 2.4 2011 - Women"]
[Site "Araruama/RJ "]
[Date "2011.06.22"]
[Round "7"]
[Board "1"]
[White "Terao, Juliana Sayumi"]
[Black "Feliciano, Vanessa"]
[Result "0-1"]
[WhiteElo "2169"]
[BlackElo "2138"]
[PlyCount "128"]
[EventDate "2011.06.18"]
[EventRounds "14"]
[EventCountry "BRA"]

1.e4 c5 2.Nf3 d6 3.d4 cxd4 4.Nxd4 Nf6 5.Nc3 a6 6.Be2 g6 7.O-O Bg7 8.Be3 O-O 9.a4
Nc6 10.f3 Qc7 11.Nb3 Be6 12.Qe1 Nd7 13.Rc1 Nde5 14.Nd5 Bxd5 15.exd5 Nb8 16.c4
Ned7 17.Nd4 Nc5 18.a5 Nbd7 19.Rd1 Nf6 20.b4 Ncd7 21.Nb3 Rac8 22.Qd2 Ne5 23.Rc1
Qd7 24.Rfd1 Qa4 25.Nd4 Qd7 26.h3 Qc7 27.f4 Ned7 28.Bf3 b6 29.axb6 Nxb6 30.Nc6
Rfe8 31.Qf2 Nbd7 32.c5 Nb8 33.Na5 dxc5 34.Rxc5 Qd7 35.Nc4 Rxc5 36.bxc5 Qb5
37.Nb6 Nbd7 38.Be2 Qb3 39.Nxd7 Nxd7 40.c6 Nf6 41.Qf3 a5 42.Rd3 Qa2 43.Bc5 Qc4
44.Bb6 a4 45.Rd1 Qb4 46.Qe3 Ne4 47.Bf3 Nc3 48.Re1 Nb5 49.Rd1 Nc3 50.Rc1 Rb8
51.Bc5 Qb2 52.c7 Rc8 53.d6 exd6 54.Re1 Rxc7 55.Qe8+ Bf8 56.Bf2 Nb5 57.Qb8 Rc1
58.Kh2 Rxe1 59.Bxe1 a3 60.Bd5 Nc3 61.Bxf7+ Kxf7 62.Qc7+ Be7 63.Bxc3 Qb5 64.Qa7
Qc5 0-1

[Event "Zonal 2.4 2011 - Women"]
[Site "Araruama/RJ "]
[Date "2011.06.22"]
[Round "7"]
[Board "1"]
[White "Chang, Suzana"]
[Black "Reis, Virginia Lagrange M"]
[Result "1/2-1/2"]
[WhiteElo "2014"]
[BlackElo "1840"]
[PlyCount "81"]
[EventDate "2011.06.18"]
[EventRounds "14"]
[EventCountry "BRA"]

1.c4 c5 2.Nc3 Nc6 3.g3 g6 4.Bg2 Bg7 5.Rb1 Nf6 6.a3 a5 7.e3 O-O 8.Nge2 d6 9.d3
Rb8 10.O-O Bf5 11.h3 Qc8 12.Kh2 Ne5 13.e4 Bd7 14.Be3 Re8 15.Qd2 Bxh3 16.f3 Bd7
17.b4 axb4 18.axb4 b5 19.bxc5 bxc4 20.d4 Nd3 21.cxd6 exd6 22.Nf4 Nxf4 23.Bxf4
Qa6 24.Ra1 Qc6 25.Be3 Bc8 26.e5 dxe5 27.dxe5 Rxe5 28.f4 Rh5+ 29.Kg1 Qd7 30.Ra4
Qxd2 31.Bxd2 Be6 32.Rc1 Ng4 33.Nd1 c3 34.Bxc3 Bxc3 35.Nxc3 Rc5 36.Ra8 Rxa8
37.Bxa8 Rc8 38.Bf3 Ne3 39.Ne2 Rxc1+ 40.Nxc1 Kg7 41.Kf2 1/2-1/2

[Event "Zonal 2.4 2011 - Women"]
[Site "Araruama/RJ "]
[Date "2011.06.22"]
[Round "7"]
[Board "1"]
[White "Heinrichs, Vivian"]
[Black "Aliaga Fernandez, Ingrid Y"]
[Result "1/2-1/2"]
[WhiteElo "1918"]
[BlackElo "2157"]
[PlyCount "52"]
[EventDate "2011.06.18"]
[EventRounds "14"]
[EventCountry "BRA"]

1.e4 c5 2.Nf3 d6 3.d4 cxd4 4.Nxd4 Nf6 5.Nc3 a6 6.Qf3 e6 7.g4 Qc7 8.g5 Nfd7 9.Be3
b5 10.a3 Bb7 11.Qh3 Ne5 12.f4 Nc4 13.Bxc4 Qxc4 14.g6 fxg6 15.Qxe6+ Qxe6 16.Nxe6
Kd7 17.Nxf8+ Rxf8 18.O-O-O Kc7 19.Rhe1 Nd7 20.Rd2 Rae8 21.Red1 Bxe4 22.Rxd6 Bc6
23.Bf2 Nf6 24.Bg3 Kb7 25.R6d4 Rf7 26.a4 Nh5 1/2-1/2

[Event "Zonal 2.4 2011 - Women"]
[Site "Araruama/RJ "]
[Date "2011.06.22"]
[Round "8"]
[Board "1"]
[White "Heinrichs, Vivian"]
[Black "Reis, Virginia Lagrange M"]
[Result "1-0"]
[WhiteElo "1918"]
[BlackElo "1840"]
[PlyCount "95"]
[EventDate "2011.06.18"]
[EventRounds "14"]
[EventCountry "BRA"]

1.e4 e5 2.Nf3 Nc6 3.d4 exd4 4.Nxd4 Bc5 5.Be3 Bb6 6.Nf5 Qf6 7.Nc3 Nge7 8.Bxb6
axb6 9.Ne3 O-O 10.g3 d6 11.Bg2 Be6 12.O-O Ra5 13.f4 Qd4 14.Qxd4 Nxd4 15.Rfd1 c5
16.a3 f6 17.Rd2 Rd8 18.Rad1 Raa8 19.Nb1 Ba2 20.Kf2 Kf8 21.Nc3 Bf7 22.Ne2 Nec6
23.c3 Nb5 24.Nc1 Na5 25.Bf1 c4 26.Nd5 Bxd5 27.Rxd5 Nc7 28.Rxd6 Rxd6 29.Rxd6 b5
30.Bh3 Re8 31.Rd7 Re7 32.Rxe7 Kxe7 33.Ke3 Nc6 34.Ne2 g6 35.Bc8 Nd8 36.Nd4 Kd6
37.Bg4 Nf7 38.Be2 Nd8 39.a4 Kc5 40.Nxb5 Nxb5 41.axb5 Kxb5 42.b3 Kc5 43.Bxc4 Nc6
44.Bd5 h6 45.Bxc6 bxc6 46.Kd3 g5 47.b4+ Kd6 48.Kd4 1-0

[Event "Zonal 2.4 2011 - Women"]
[Site "Araruama/RJ "]
[Date "2011.06.22"]
[Round "8"]
[Board "1"]
[White "Chang, Suzana"]
[Black "Feliciano, Vanessa"]
[Result "0-1"]
[WhiteElo "2014"]
[BlackElo "2138"]
[PlyCount "54"]
[EventDate "2011.06.18"]
[EventRounds "14"]
[EventCountry "BRA"]

1.e4 c5 2.Nf3 Nc6 3.Bb5 g6 4.O-O Bg7 5.c3 e5 6.Bxc6 dxc6 7.h3 Qe7 8.d4 cxd4
9.cxd4 exd4 10.e5 Qc7 11.Qxd4 Ne7 12.Bg5 O-O 13.Nc3 Be6 14.Rfe1 h6 15.Bf6 Nf5
16.Qa4 Bxf6 17.exf6 Rfd8 18.g4 Nd6 19.Nd4 Bd5 20.Re7 Qb6 21.Nxd5 cxd5 22.Rd1 Ne4
23.Qc2 Rac8 24.Qe2 Nxf6 25.Qe5 Re8 26.Rd2 Rxe7 27.Qxe7 Ne4 0-1

[Event "Zonal 2.4 2011 - Women"]
[Site "Araruama/RJ "]
[Date "2011.06.22"]
[Round "8"]
[Board "1"]
[White "Terao, Juliana Sayumi"]
[Black "Delai Paula, Fernanda"]
[Result "1/2-1/2"]
[WhiteElo "2169"]
[BlackElo "2030"]
[PlyCount "76"]
[EventDate "2011.06.18"]
[EventRounds "14"]
[EventCountry "BRA"]

1.e4 c5 2.c3 g6 3.d4 cxd4 4.cxd4 d5 5.e5 Nc6 6.Nc3 Bg7 7.h3 Nh6 8.Nf3 O-O 9.Be2
f6 10.O-O fxe5 11.dxe5 e6 12.Bb5 Nf7 13.Bxc6 bxc6 14.Re1 c5 15.Na4 Qa5 16.Bd2
Qc7 17.Rc1 c4 18.Bb4 Re8 19.b3 Rb8 20.Bc3 cxb3 21.axb3 Qe7 22.Bd4 Ba6 23.Nc5 Bb5
24.Ra1 Rec8 25.b4 Nd8 26.Qd2 Nc6 27.Be3 Bc4 28.Bg5 Qf7 29.Bh6 Re8 30.Bxg7 Qxg7
31.Ng5 Nd8 32.Ra3 h6 33.Nf3 Nc6 34.Rea1 Re7 35.Ra4 Bb5 36.R4a3 Bc4 37.Ra4 Bb5
38.R4a3 Bc4 1/2-1/2

[Event "Zonal 2.4 2011 - Women"]
[Site "Araruama/RJ "]
[Date "2011.06.23"]
[Round "9"]
[Board "1"]
[White "Delai Paula, Fernanda"]
[Black "Chang, Suzana"]
[Result "1-0"]
[WhiteElo "2030"]
[BlackElo "2014"]
[PlyCount "37"]
[EventDate "2011.06.18"]
[EventRounds "14"]
[EventCountry "BRA"]

1.e4 e6 2.Qe2 d5 3.d3 Nf6 4.Nf3 Be7 5.g3 b5 6.e5 Nfd7 7.Bg2 c5 8.O-O Nc6 9.h4 h6
10.h5 Qc7 11.Bf4 g5 12.hxg6 fxg6 13.Nc3 Qb6 14.a4 Ba6 15.axb5 Bxb5 16.Nxb5 Qxb5
17.c4 dxc4 18.dxc4 Qb6 19.Qe4 1-0

[Event "Zonal 2.4 2011 - Women"]
[Site "Araruama/RJ "]
[Date "2011.06.23"]
[Round "9"]
[Board "1"]
[White "Feliciano, Vanessa"]
[Black "Heinrichs, Vivian"]
[Result "1/2-1/2"]
[WhiteElo "2138"]
[BlackElo "1918"]
[PlyCount "44"]
[EventDate "2011.06.18"]
[EventRounds "14"]
[EventCountry "BRA"]

1.e4 c5 2.d4 cxd4 3.c3 Nf6 4.e5 Nd5 5.cxd4 b6 6.Nf3 e6 7.Nc3 Nxc3 8.bxc3 Qc7
9.Bd2 Bb7 10.Bd3 d6 11.O-O Nd7 12.exd6 Bxd6 13.Re1 O-O 14.h3 h6 15.Qe2 Bf4
16.Bxf4 Qxf4 17.Nd2 Nf6 18.Rac1 Rac8 19.Bb1 Rc7 20.Qd3 Rfc8 21.Re5 Ba6 22.Qxa6
Qxd2 1/2-1/2

[Event "Zonal 2.4 2011 - Women"]
[Site "Araruama/RJ "]
[Date "2011.06.23"]
[Round "9"]
[Board "1"]
[White "Reis, Virginia Lagrange M"]
[Black "Aliaga Fernandez, Ingrid Y"]
[Result "0-1"]
[WhiteElo "1840"]
[BlackElo "2157"]
[PlyCount "90"]
[EventDate "2011.06.18"]
[EventRounds "14"]
[EventCountry "BRA"]

1.e4 c5 2.Nf3 e6 3.c3 d5 4.exd5 Qxd5 5.d4 Nf6 6.Be2 Nc6 7.O-O cxd4 8.cxd4 Be7
9.Nc3 Qa5 10.Bf4 O-O 11.Qb3 Qf5 12.Be3 b6 13.Rad1 Bb7 14.Nh4 Qa5 15.Nf3 Rfd8
16.a3 Nd5 17.Nxd5 Qxd5 18.Qxd5 Rxd5 19.Bc4 Rdd8 20.Rd2 Bf6 21.Rfd1 Ne7 22.h3
Rac8 23.Bb3 h6 24.Ne5 Bd5 25.Ba4 Nf5 26.Ng4 Be7 27.Bf4 Bg5 28.Bxg5 hxg5 29.Ne3
Ne7 30.Nxd5 Rxd5 31.Bb3 Rd6 32.d5 Rcd8 33.Kf1 Nxd5 34.Ke1 Kf8 35.g3 Ke7 36.Bxd5
Rxd5 37.Rxd5 Rxd5 38.Rxd5 exd5 39.Kd2 Ke6 40.Ke3 Ke5 41.b3 d4+ 42.Kd3 f5 43.a4
g4 44.hxg4 fxg4 45.b4 a6 0-1